Statistics for U.S. States with More Vehicles than People

Click here to take the quiz!

General Stats

  • This quiz has been taken 52 times
  • The average score is 8 of 11

Answer Stats

Vehicles per capitaState% Correct
1.59Montana
91%
1.39Wyoming
91%
1.11Alaska
86%
1.18North Dakota
84%
1.26South Dakota
84%
1.12Idaho
77%
1.17Iowa
74%
1.05Nebraska
72%
1.05Vermont
60%
1.02Delaware
47%
1.11Alabama
40%

Score Distribution

Percentile by Number Answered

Percent of People with Each Score

Your Score History

You have not taken this quiz